<?xml version="1.0" encoding="UTF-8"?>
<collection xmlns="http://www.loc.gov/MARC21/slim">
 <record>
  <leader>01593nam a2200493   4500</leader>
  <controlfield tag="001">DLU110120471</controlfield>
  <controlfield tag="005">##20110504</controlfield>
  <controlfield tag="008">##970402d19972005njuar     r   0    0eng d</controlfield>
  <datafield tag="010" ind1="#" ind2="#">
   <subfield code="a">   98664069 </subfield>
   <subfield code="z">sn 97030836 </subfield>
  </datafield>
  <datafield tag="022" ind1="#" ind2="#">
   <subfield code="y">1066-5366</subfield>
  </datafield>
  <datafield tag="035" ind1="#" ind2="#">
   <subfield code="a">(OCoLC)ocm36665059</subfield>
  </datafield>
  <datafield tag="040" ind1="#" ind2="#">
   <subfield code="a">MoS</subfield>
   <subfield code="c">MoS</subfield>
   <subfield code="d">NGvP</subfield>
   <subfield code="d">GU</subfield>
   <subfield code="d">InU</subfield>
   <subfield code="d">N</subfield>
   <subfield code="d">DLC</subfield>
   <subfield code="d">InU</subfield>
   <subfield code="d">WaU</subfield>
   <subfield code="d">NSDP</subfield>
   <subfield code="d">MiEM</subfield>
  </datafield>
  <datafield tag="042" ind1="#" ind2="#">
   <subfield code="a">lc</subfield>
  </datafield>
  <datafield tag="043" ind1="#" ind2="#">
   <subfield code="a">n-us---</subfield>
   <subfield code="a">n-cn---</subfield>
  </datafield>
  <datafield tag="082" ind1="#" ind2="#">
   <subfield code="a">373.025 73</subfield>
  </datafield>
  <datafield tag="245" ind1="#" ind2="#">
   <subfield code="a">Peterson's private secondary schools.</subfield>
  </datafield>
  <datafield tag="246" ind1="#" ind2="#">
   <subfield code="a">Peterson's guide to private secondary schools</subfield>
  </datafield>
  <datafield tag="246" ind1="#" ind2="#">
   <subfield code="a">Private secondary schools</subfield>
  </datafield>
  <datafield tag="260" ind1="#" ind2="#">
   <subfield code="a">Princeton, N.J. :</subfield>
   <subfield code="b">Peterson's,</subfield>
   <subfield code="c">c1997-c2000.</subfield>
  </datafield>
  <datafield tag="300" ind1="#" ind2="#">
   <subfield code="a">1368. :</subfield>
   <subfield code="b">ill. ;</subfield>
   <subfield code="c">28 cm.</subfield>
  </datafield>
  <datafield tag="310" ind1="#" ind2="#">
   <subfield code="a">Annual</subfield>
  </datafield>
  <datafield tag="362" ind1="#" ind2="#">
   <subfield code="a">18th ed. (1997/98)-25th ed. (2005)</subfield>
  </datafield>
  <datafield tag="650" ind1="#" ind2="#">
   <subfield code="a">High schools</subfield>
   <subfield code="v">Directories.</subfield>
  </datafield>
  <datafield tag="650" ind1="#" ind2="#">
   <subfield code="a">High schools</subfield>
   <subfield code="z">Canada</subfield>
   <subfield code="v">Directories.</subfield>
  </datafield>
  <datafield tag="650" ind1="#" ind2="#">
   <subfield code="a">High schools</subfield>
   <subfield code="z">United States</subfield>
   <subfield code="v">Directories.</subfield>
  </datafield>
  <datafield tag="650" ind1="#" ind2="#">
   <subfield code="a">Private schools</subfield>
   <subfield code="v">Directories.</subfield>
  </datafield>
  <datafield tag="650" ind1="#" ind2="#">
   <subfield code="a">Private schools</subfield>
   <subfield code="z">Canada</subfield>
   <subfield code="v">Directories.</subfield>
  </datafield>
  <datafield tag="650" ind1="#" ind2="#">
   <subfield code="a">Private schools</subfield>
   <subfield code="z">United States</subfield>
   <subfield code="v">Directories.</subfield>
  </datafield>
  <datafield tag="710" ind1="#" ind2="#">
   <subfield code="a">Peterson's Guides, Inc.</subfield>
  </datafield>
  <datafield tag="780" ind1="#" ind2="#">
   <subfield code="t">Peterson's guide to private secondary schools</subfield>
   <subfield code="x">1066-5366</subfield>
   <subfield code="w">(OCoLC)26988116</subfield>
   <subfield code="w">(DLC)   93664267</subfield>
  </datafield>
  <datafield tag="785" ind1="#" ind2="#">
   <subfield code="t">Private secondary schools</subfield>
   <subfield code="x">1542-9903</subfield>
   <subfield code="w">(DLC)  2002252666</subfield>
   <subfield code="w">(OCoLC)46789110</subfield>
  </datafield>
  <datafield tag="850" ind1="#" ind2="#">
   <subfield code="a">DLC</subfield>
   <subfield code="a">GU</subfield>
   <subfield code="a">InU</subfield>
   <subfield code="a">N</subfield>
  </datafield>
  <datafield tag="923" ind1="#" ind2="#">
   <subfield code="a">01/2011NN</subfield>
  </datafield>
  <datafield tag="991" ind1="#" ind2="#">
   <subfield code="a">SH</subfield>
  </datafield>
  <datafield tag="992" ind1="#" ind2="#">
   <subfield code="a">0</subfield>
  </datafield>
  <datafield tag="993" ind1="#" ind2="#">
   <subfield code="a">1995</subfield>
  </datafield>
  <datafield tag="994" ind1="#" ind2="#">
   <subfield code="a">KNN</subfield>
  </datafield>
  <datafield tag="900" ind1="#" ind2="#">
   <subfield code="a">True</subfield>
  </datafield>
  <datafield tag="911" ind1="#" ind2="#">
   <subfield code="a">Nguyễn Thanh Hương</subfield>
  </datafield>
  <datafield tag="925" ind1="#" ind2="#">
   <subfield code="a">G</subfield>
  </datafield>
  <datafield tag="926" ind1="#" ind2="#">
   <subfield code="a">A</subfield>
  </datafield>
  <datafield tag="927" ind1="#" ind2="#">
   <subfield code="a">SH</subfield>
  </datafield>
  <datafield tag="980" ind1="#" ind2="#">
   <subfield code="a">Thư viện Trường Đại học Đà Lạt</subfield>
  </datafield>
 </record>
</collection>
